000 01034 a2200205 4500
003 Nust
005 20230123111234.0
010 _a 96043423
020 _a0393040054
040 _cNust
082 0 0 _a808.85,SAF
245 0 0 _aLend me your ears :
_bgreat speeches in history /
_cselected and introduced by William Safire.
250 _aRev. and expanded ed.
260 _aNew York :
_bW.W. Norton,
_cc1997.
300 _a1055 p. ;
_c25 cm.
505 _aMemorials and Patriotic Speeches (Page-29), War ad Revolution Speeches (Page-79), Tributes and Eulogies (Page-159), Debates and Argumentation (Page-239), Trials (Page-317), Gallows and Farewell Speeches (Page-367), Sermons (Page-425), Inspirational Speeches (Page-509), Lectures and Instructive Speeches (Page-545), Speeches of Social Responsibility (Page-597), Media Speeches (Page-705), Political Speeches (Page-779), Commencement Speeches (Page-987).
650 0 _aSpeeches, addresses, etc.
_9107378
700 1 _aSafire, William,
_d1929-2009.
_9107379
942 _2ddc
_cBK
999 _c186692
_d186692